<?xml version="1.0" encoding="UTF-8"?>
<record
    xmlns:xsi="http://www.w3.org/2001/XMLSchema-instance"
    xsi:schemaLocation="http://www.loc.gov/MARC21/slim http://www.loc.gov/standards/marcxml/schema/MARC21slim.xsd"
    xmlns="http://www.loc.gov/MARC21/slim">

  <leader>00858nam a22002057a 4500</leader>
  <datafield tag="999" ind1=" " ind2=" ">
    <subfield code="c">961</subfield>
    <subfield code="d">961</subfield>
  </datafield>
  <controlfield tag="001">8746</controlfield>
  <controlfield tag="003">BD-DhUAP</controlfield>
  <controlfield tag="005">20200129123129.0</controlfield>
  <controlfield tag="008">200129s2003    bg ||||| |||| 000 0 eng d</controlfield>
  <datafield tag="020" ind1=" " ind2=" ">
    <subfield code="a">9848120491</subfield>
  </datafield>
  <datafield tag="040" ind1=" " ind2=" ">
    <subfield code="a">BD-DhUAP</subfield>
    <subfield code="b">Bangla</subfield>
    <subfield code="c">BD-DhUAP</subfield>
    <subfield code="d">BD-DhUAP</subfield>
  </datafield>
  <datafield tag="082" ind1=" " ind2=" ">
    <subfield code="2">23</subfield>
    <subfield code="a">338.9 RAH</subfield>
  </datafield>
  <datafield tag="100" ind1=" " ind2=" ">
    <subfield code="a">&#x9B0;&#x9B9;&#x9AE;&#x9BE;&#x9A8;, &#x986;&#x9A4;&#x9BF;&#x989;&#x9B0;&#x964;</subfield>
  </datafield>
  <datafield tag="245" ind1=" " ind2=" ">
    <subfield code="a">&#x989;&#x9A8;&#x9CD;&#x9A8;&#x9AF;&#x9BC;&#x9A8; &#x986;&#x9B2;&#x9BE;&#x9AA; : </subfield>
    <subfield code="b">&#x985;&#x9B0;&#x9CD;&#x9A5;&#x9A8;&#x9C0;&#x9A4;&#x9BF;, &#x9AA;&#x9B0;&#x9BF;&#x9AC;&#x9C7;&#x9B6; &#x993; &#x989;&#x9A8;&#x9CD;&#x9A8;&#x9AF;&#x9BC;&#x9A8; &#x9AC;&#x9BF;&#x9A4;&#x9B0;&#x9CD;&#x995; /</subfield>
    <subfield code="c">&#x986;&#x9A4;&#x9BF;&#x989;&#x9B0; &#x9B0;&#x9B9;&#x9AE;&#x9BE;&#x9A8;&#x964;</subfield>
  </datafield>
  <datafield tag="260" ind1=" " ind2=" ">
    <subfield code="a">&#x9A2;&#x9BE;&#x995;&#x9BE; :</subfield>
    <subfield code="b">&#x9AA;&#x9BE;&#x9A0;&#x995; &#x9B8;&#x9AE;&#x9BE;&#x9AC;&#x9C7;&#x9B6;, </subfield>
    <subfield code="c">c&#x9E8;&#x9E6;&#x9E6;&#x9E9;&#x964;</subfield>
  </datafield>
  <datafield tag="300" ind1=" " ind2=" ">
    <subfield code="a">&#x9E8;&#x9E9;&#x9E9; &#x9AA;&#x9C3;&#x9B7;&#x9CD;&#x9A0;&#x9BE; ;</subfield>
    <subfield code="b">&#x9E8;&#x9E8; &#x9B8;&#x9C7;&#x9AE;&#x9BF;&#x964;</subfield>
  </datafield>
  <datafield tag="650" ind1=" " ind2=" ">
    <subfield code="a">&#x989;&#x9A8;&#x9CD;&#x9A8;&#x9AF;&#x9BC;&#x9A8;</subfield>
    <subfield code="z">&#x9AC;&#x9BE;&#x982;&#x9B2;&#x9BE;&#x9A6;&#x9C7;&#x9B6;&#x964;</subfield>
  </datafield>
  <datafield tag="650" ind1=" " ind2=" ">
    <subfield code="a">&#x985;&#x9B0;&#x9CD;&#x9A5;&#x9A8;&#x9C0;&#x9A4;&#x9BF; &#x993; &#x989;&#x9A8;&#x9CD;&#x9A8;&#x9AF;&#x9BC;&#x9A8;</subfield>
    <subfield code="z">&#x9AC;&#x9BE;&#x982;&#x9B2;&#x9BE;&#x9A6;&#x9C7;&#x9B6;&#x964;</subfield>
  </datafield>
  <datafield tag="942" ind1=" " ind2=" ">
    <subfield code="2">ddc</subfield>
    <subfield code="c">BK</subfield>
  </datafield>
  <datafield tag="952" ind1=" " ind2=" ">
    <subfield code="0">0</subfield>
    <subfield code="1">0</subfield>
    <subfield code="2">ddc</subfield>
    <subfield code="4">0</subfield>
    <subfield code="7">0</subfield>
    <subfield code="a">UAPCL</subfield>
    <subfield code="b">UAPCL</subfield>
    <subfield code="c">General Stacks</subfield>
    <subfield code="d">2020-01-29</subfield>
    <subfield code="o">338.9 RAH</subfield>
    <subfield code="p">3010008746</subfield>
    <subfield code="r">2020-01-29</subfield>
    <subfield code="t">1</subfield>
    <subfield code="w">2020-01-29</subfield>
    <subfield code="y">BK</subfield>
  </datafield>
</record>
